zgadnij flagę na literę a - Statystyki

Ogólne statystyki
  • Ten quiz został rozwiązany 86 razy
  • Średni wynik to 11 z 12
Statystyki odpowiedzi
Obrazkowy Odpowiedź % Poprawnych
Austria
100%
Albania
98%
Andora
95%
Arabia Saudyjska
93%
Argentyna
93%
Australia
91%
Azerbejdżan
91%
Angola
89%
Afganistan
86%
Armenia
86%
Algieria
77%
Antigua i Barbuda
68%
Nie znaleziono quizów pasujących do podanych kryteriów
Rozkład punktacji
Procent ludzi z każdym wynikiem
Percentyl według liczby udzielonych odpowiedzi
Twoja historia wyników
Nie rozwiązałeś tego quizu